| 000 | 00676nam a2200217 i 4500 | ||
|---|---|---|---|
| 001 | 81278 | ||
| 003 | ES-MaACL | ||
| 005 | 20230906174415.0 | ||
| 007 | t| | ||
| 008 | 041103s1949 sp ||||1| spa d | ||
| 100 | 1 |
_aHume, Edward H. _964722 |
|
| 245 | 1 | 0 |
_aDoctores en Oriente, doctores en Occidente / _cEdward H. Hume ; [versión española de Esteban Mac-Cragh]. |
| 250 | _a[1ª ed.]. | ||
| 260 |
_aBarcelona : _bLuis de Caralt, _c[1949] ( _fLa Polígrafa) |
||
| 300 |
_a253 p. ; _c20 cm. |
||
| 490 | 1 | _aCultura médica | |
| 700 | 1 |
_aMacCragh, Esteban. _975092 |
|
| 830 | 0 |
_aCultura médica _9183701 |
|
| 852 |
_aES-MaACL _jB-12836 _bR.28870 |
||
| 999 |
_c81278 _d81278 |
||